Paroles Monde - Luidji - Statistiques

Statistiques générales
  • Ce quiz a été pris 379 fois
  • Le résultat moyen est 278 sur 333
Statistiques - réponses
Réponse % Correct
ce
100%
Est
98%
est
98%
de
95%
grands
95%
jour
95%
le
95%
les
95%
mon
95%
monde
95%
parmi
93%
que
93%
à
92%
a
92%
compter
92%
j’ai
92%
ma
92%
m’a
92%
je
91%
me
90%
toujours
90%
haine
88%
voulu
88%
chaînes
86%
choisi
86%
ciel
86%
esclave
86%
j’pourrais
86%
mes
86%
rappelle
86%
mais
85%
cause
84%
soulager
84%
chaque
80%
comme
77%
fait
77%
m’avoir
77%
remercie
77%
abandonné
76%
bête
76%
Dieu
76%
et
76%
laissé
76%
pas
76%
une
76%
sauvage
75%
c’qu’un
74%
tomber
74%
passé
71%
temps
71%
m’ignorer
70%
négliger
69%
regrette
69%
d’exister
68%
toutes
68%
blessée
67%
chant
67%
cours
67%
merveilles
66%
m’excuser
65%
continents
64%
richesses
64%
vu
64%
qui
63%
sang
63%
bénis
61%
échouer
61%
fais
61%
cœur
60%
corps
60%
payé
60%
partie
59%
vos
59%
avec
58%
elle
58%
guéri
57%
n’prends
57%
chacun
56%
d’entre
56%
eux
56%
oh
56%
vérité
56%
sort
55%
couilles
54%
rapproché
54%
sauvé
54%
j’le
52%
d’avant
20%
rapporté
0%
Aucun quiz correspondant
Distribution des résultats
% des personnes avec chaque résultat
Percentile par nombre de réponses
Votre historique - résultats
Vous n’avez pas pris ce quiz